| 000 | 01365nam a2200313 a 4500 | ||
|---|---|---|---|
| 001 | |||
| 003 | DO-SdBNP | ||
| 005 | 20251204073702.0 | ||
| 008 | 090707s2016 dr c r 000 0 spa d | ||
| 020 | _a9789945481730 | ||
| 040 |
_aDO-SdBNP _bspa _cDO-SdBNP |
||
| 049 | _a | ||
| 082 | 4 |
_a342.7293 _bY47j |
|
| 100 | 1 |
_aYépez Suncar, Luis S. _q _910416 |
|
| 245 | 1 | 3 |
_aEl juicio político a la luz del debido proceso / _cLuis S. Yépez Suncar ; prólogo Cristóbal Rodríguez Gómez y Abraham García Chávarri |
| 250 | _a | ||
| 260 |
_aSanto Domingo : _bCorripio, _c1989. |
||
| 300 |
_a143 p. : _bilustraciones, retrs. ; _c22 cm. |
||
| 500 | _aIncluye datos biográficos del autor en la solapa. | ||
| 504 | _aIncluye referencias bibliográficas y notas a pie de páginas | ||
| 586 | _aEste libro fue premiado por la Federación Interaméricana de Abogados, en la XXVI conferencia de la entidad internacional, celebrada del 9-15 de mayo del 1987, en Buenos Aires, Argentina. | ||
| 650 | 7 |
_aGobernabilidad _z República Dominicana _910417 |
|
| 650 | 0 |
_aAdministración de justicia _xAspectos políticos _910083 |
|
| 651 | 7 |
_aRepública Dominicana _xDerecho constitucional. _2Lemb _99303 |
|
| 700 | 1 |
_a Rodríguez Gómez, Cristóbal _epról. _910408 |
|
| 700 | 1 |
_aGarcía Chávarri, Abraham _epról. _976945 |
|
| 942 |
_2ddc _cLBS1 |
||
| 956 | _aVMateo | ||
| 999 |
_c48912 _d48912 |
||